Catálogo
 En Linea

Cristalitos de vida : (Registro nro. 5003)

Detalles MARC
000 -CABECERA
campo de control de longitud fija 00991nam a2200265 a 4500
001 - NÚMERO DE CONTROL
campo de control 000005201
005 - FECHA Y HORA DE LA ÚLTIMA TRANSACCIÓN
campo de control 20240412074203.0
008 - DATOS DE LONGITUD FIJA--INFORMACIÓN GENERAL
campo de control de longitud fija 090818t2008 dr a 001 j spa d
020 ## - NÚMERO INTERNACIONAL ESTÁNDAR DEL LIBRO
Número Internacional Estándar del Libro 9789945068757
040 ## - FUENTE DE LA CATALOGACIÓN
Centro catalogador/agencia de origen DO-SdBNP
Lengua de catalogación spa
Centro/agencia transcriptor BNPHU
082 ## - NÚMERO DE LA CLASIFICACIÓN DECIMAL DEWEY
Número de clasificación RD863.44
Número de documento/Ítem M385cr
049 ## - FONDOS LOCALES (OCLC)
Fondos de biblioteca BNPD
100 1# - ENTRADA PRINCIPAL--NOMBRE DE PERSONA
Nombre de persona Martínez, Ana Teresa
9 (RLIN) 14868
245 10 - MENCIÓN DE TÍTULO
Título Cristalitos de vida :
Resto del título aprendiendo ciencias de la naturaleza a través del cuento /
Mención de responsabilidad, etc. Ana Teresa Martínez Vd. Beltré ; prólogo Joel Rivera.
260 ## - PUBLICACIÓN, DISTRIBUCIÓN, ETC.
Lugar de publicación, distribución, etc. Santo Domingo, :
Nombre del editor, distribuidor, etc. Mediabyte,
Fecha de publicación, distribución, etc. 2008.
300 ## - DESCRIPCIÓN FÍSICA
Extensión 221 p. :
Otras características físicas il. ;
Dimensiones 23 cm.
500 ## - NOTA GENERAL
Nota general Incluye datos biográficos de la autora en las solapas.
650 #4 - PUNTO DE ACCESO ADICIONAL DE MATERIA--TÉRMINO DE MATERIA
Término de materia o nombre geográfico como elemento de entrada Ciencias naturales
Subdivisión general Enseñanza
-- Cuentos
9 (RLIN) 14869
650 #0 - PUNTO DE ACCESO ADICIONAL DE MATERIA--TÉRMINO DE MATERIA
Término de materia o nombre geográfico como elemento de entrada Cuentos dominicanos
9 (RLIN) 176
650 #0 - PUNTO DE ACCESO ADICIONAL DE MATERIA--TÉRMINO DE MATERIA
Término de materia o nombre geográfico como elemento de entrada Cuentos infantiles dominicanos
9 (RLIN) 505
650 #4 - PUNTO DE ACCESO ADICIONAL DE MATERIA--TÉRMINO DE MATERIA
Término de materia o nombre geográfico como elemento de entrada Literatura infantil dominicana
9 (RLIN) 441
650 #0 - PUNTO DE ACCESO ADICIONAL DE MATERIA--TÉRMINO DE MATERIA
Término de materia o nombre geográfico como elemento de entrada Literatura dominicana.
9 (RLIN) 67
700 1# - PUNTO DE ACCESO ADICIONAL--NOMBRE DE PERSONA
Nombre de persona Rivera, Joel,
Término indicativo de función/relación pról.
9 (RLIN) 14870
910 ## - DATOS DE OPCIÓN DEL USUARIO (OCLC)
Datos de opción del usuario Validado. Control de calidad EMS.
Existencias
Estado de retiro Estado de pérdida Fuente del sistema de clasificación o colocación No para préstamo Código de colección Localización permanente Ubicación/localización actual Ubicación en estantería Fecha de adquisición Número de inventario Total de préstamos Signatura topográfica completa Código de barras Fecha visto por última vez Número de copia Precio válido a partir de Tipo de ítem Koha Nota pública
    Dewey Decimal Classification   Infantojuvenil Patrimonio Dominicano Patrimonio Dominicano Biblioteca Nacional Pedro Henríquez Ureña Depósito 18.08.2009 LF1   BNPHU DS RD863.44 M385cr 5201-30 25.06.2020 e. 3 25.06.2020 Libro  
    Dewey Decimal Classification   Infantojuvenil Patrimonio Dominicano Patrimonio Dominicano Biblioteca Nacional Pedro Henríquez Ureña Depósito 01.09.2009 LF1   BNPHU DS RD863.44 M385cr 5201-40 25.06.2020 e. 4 25.06.2020 Libro  
    Dewey Decimal Classification   Infantojuvenil Patrimonio Dominicano Patrimonio Dominicano Biblioteca Nacional Pedro Henríquez Ureña Depósito 01.09.2009 LF1   BNPHU DS RD863.44 M385cr 5201-50 25.06.2020 e. 5 25.06.2020 Libro  
    Dewey Decimal Classification Excluido de préstamo Infantojuvenil Patrimonio Dominicano Patrimonio Dominicano Biblioteca Nacional Pedro Henríquez Ureña Depósito 18.08.2009 LF1   BNPHU PD RD863.44 M385cr 5201-10 25.06.2020   25.06.2020 Libro Autografiado por la autora, dedicado a la Biblioteca Nacional PHU.
    Dewey Decimal Classification Excluido de préstamo Infantojuvenil Patrimonio Dominicano Patrimonio Dominicano Biblioteca Nacional Pedro Henríquez Ureña Depósito 18.08.2009 LF1   BNPHU PD RD863.44 M385cr 5201-20 25.06.2020 e. 2 25.06.2020 Libro Autografiado por la autora, dedicado a la Biblioteca Nacional PHU.

Con tecnología Koha